Multifunkčný bytový dom, Slovany, Bratislava

Gespeichert in:
Bibliographische Detailangaben
1. Verfasser: Jurek, Jozef, 1988- (Verfasst von)
Weitere Verfasser: Tóthová, Zuzana, 1964- (Betreuung Doktorarbeit)
Format: Manuskript Buch
Sprache:Slowakisch
Veröffentlicht: Bratislava 2015
Schlagworte:
Online-Zugang:http://is.stuba.sk/zp/portal_zp.pl?podrobnosti=111381
Tags: Tag hinzufügen
Keine Tags, Fügen Sie das erste Tag hinzu!

MARC

LEADER 00000ntm a22000003a 4500
001 stuzp51924
003 SK-STU
005 20210308081524.9
007 ta
008 150427s2015----xo-----f-mn---000-0-slo-d
040 |a STU  |b slo 
041 0 |a slo 
100 1 |a Jurek, Jozef,  |d 1988-  |u 051110  |4 aut  |U FAD Fakulta architektúry a dizajnu  |U FAD Fakulta architektúry  |T FA Ústav architektúry obytných budov  |X 68152  |U A1110  |Y 392  |7 A000068152 
242 0 1 |a apartment building Slovany, Bratislava  |y eng 
245 1 0 |a Multifunkčný bytový dom, Slovany, Bratislava 
260 |c 2015  |a Bratislava 
650 4 |a komplex  |2 slo 
650 4 |a dom  |2 slo 
650 4 |a bývanie  |2 slo 
650 4 |a house  |2 eng 
650 4 |a complex  |2 eng 
650 4 |a live  |2 eng 
700 1 |a Tóthová, Zuzana,  |d 1964-  |4 ths  |X 389  |7 A000000389 
856 4 |u http://is.stuba.sk/zp/portal_zp.pl?podrobnosti=111381  |u https://opac.crzp.sk/?fn=detailBiblioForm&sid=78283B71680DBAF21D42D71D22D4 
SQL |a stuzp51924  |b DDP  |c SLO  |d Multifunkčný bytový dom, Slovany, Bratislava  |e 68152  |f Jurek, Jozef  |g 051110  |h 389  |i Tóthová, Zuzana  |j 20150604  |k 153  |l 05  |m http://is.stuba.sk/zp/portal_zp.pl?podrobnosti=111381  |n I-ARCH  |o 5.1.1. architektúra a urbanizmus